See how they grow : (Record no. 2898)
[ view plain ]
| 000 -LEADER | |
|---|---|
| fixed length control field | 00891nam a22003017a 4500 |
| 001 - CONTROL NUMBER | |
| control field | 2898 |
| 003 - CONTROL NUMBER IDENTIFIER | |
| control field | FISKH |
| 005 - DATE AND TIME OF LATEST TRANSACTION | |
| control field | 20250827142823.0 |
| 008 - FIXED-LENGTH DATA ELEMENTS--GENERAL INFORMATION | |
| fixed length control field | 240122b cb ||||| |||| 00| 0 eng d |
| 020 ## - INTERNATIONAL STANDARD BOOK NUMBER | |
| International Standard Book Number | 9780756630157 |
| 040 ## - CATALOGING SOURCE | |
| Original cataloging agency | FISKH |
| Language of cataloging | eng |
| Transcribing agency | FISKH |
| Modifying agency | FISKH |
| 050 ## - LIBRARY OF CONGRESS CALL NUMBER | |
| Classification number | SF487.5 |
| 082 ## - DEWEY DECIMAL CLASSIFICATION NUMBER | |
| Classification number | 636.5 |
| 100 ## - MAIN ENTRY--PERSONAL NAME | |
| Personal name | Royston, Angela |
| 245 ## - TITLE STATEMENT | |
| Title | See how they grow : |
| Remainder of title | Chick / |
| Statement of responsibility, etc. | by Royston , Angela |
| 250 ## - EDITION STATEMENT | |
| Edition statement | SF487.5 |
| 260 ## - PUBLICATION, DISTRIBUTION, ETC. | |
| Place of publication, distribution, etc. | 636.5 |
| 300 ## - PHYSICAL DESCRIPTION | |
| Extent | 20 unnumbered pages : |
| Other physical details | color illustrations ; |
| Dimensions | 21 cm . |
| 490 ## - SERIES STATEMENT | |
| Series statement | see how they grow (DK) |
| 505 ## - FORMATTED CONTENTS NOTE | |
| Formatted contents note | H <br/> |
| 520 ## - SUMMARY, ETC. | |
| Summary, etc. | Photographs and text depict the development of a chick from the egg stage to the eighth week. |
| 521 8# - TARGET AUDIENCE NOTE | |
| Target audience note | 430 <br/> |
| Source | Lexile <br/> |
| 521 8# - TARGET AUDIENCE NOTE | |
| Target audience note | H <br/> |
| Source | Raz-Plus <br/> |
| 600 ## - SUBJECT ADDED ENTRY--PERSONAL NAME | |
| Source of heading or term | chincken |
| Form subdivision | non-fiction |
| 610 ## - SUBJECT ADDED ENTRY--CORPORATE NAME | |
| Source of heading or term | life circle |
| Form subdivision | science |
| 700 ## - ADDED ENTRY--PERSONAL NAME | |
| Personal name | Burton, Jane |
| Relator term | Photographer |
| 942 ## - ADDED ENTRY ELEMENTS (KOHA) | |
| Source of classification or shelving scheme | Dewey Decimal Classification |
| Koha item type | Books |
| Suppress in OPAC | No |
| Withdrawn status | Lost status | Source of classification or shelving scheme | Damaged status | Not for loan | Collection | Home library | Current library | Shelving location | Date acquired | Total Checkouts | Full call number | Barcode | Date last seen | Date last checked out | Copy number | Price effective from | Koha item type |
|---|---|---|---|---|---|---|---|---|---|---|---|---|---|---|---|---|---|
| Dewey Decimal Classification | Non-Fiction | Footprints International School Library Network Toul Kork Campus | Footprints International School Library Network Toul Kork Campus | TK Primary Library Room(4th Floor), Bookcase 1&2, Shelves 1-16, Dark Blue Books | 05/26/2025 | ROY 636.5 SF487.5 | FISTK02651 | 05/26/2025 | 2 | 05/26/2025 | Books | ||||||
| Dewey Decimal Classification | Non-Fiction | Footprints International School Library Network Toul Tom Poung Campus | Footprints International School Library Network Toul Tom Poung Campus | TTP Primary Dark Blue Bookshelves | 01/22/2024 | 4 | ROY 636.5 SF487.5 | FISBK05997 | 09/03/2025 | 08/08/2025 | 1 | 01/22/2024 | Books | ||||
| Dewey Decimal Classification | Non-Fiction | Footprints International School Library Network Toul Tom Poung Campus | Footprints International School Library Network Toul Tom Poung Campus | TTP Primary Green Bookshelves | 08/27/2025 | ROY 636.5 SF487.5 | FIS02843 | 08/27/2025 | 3 | 08/27/2025 | Books |
